Building construction drawing (Record no. 103955)
[ view plain ]
| 000 -LEADER | |
|---|---|
| fixed length control field | 01262cam a2200229 4500 |
| 001 - CONTROL NUMBER | |
| control field | L128580 |
| 008 - FIXED-LENGTH DATA ELEMENTS--GENERAL INFORMATION | |
| fixed length control field | 050124n2004 000 0 eng u |
| 020 ## - INTERNATIONAL STANDARD BOOK NUMBER | |
| International Standard Book Number | 1873394713 |
| 035 ## - SYSTEM CONTROL NUMBER | |
| System control number | (Sirsi) u128580 |
| 041 ## - LANGUAGE CODE | |
| Language code of text/sound track or separate title | eng |
| 050 ## - LIBRARY OF CONGRESS CALL NUMBER | |
| Classification number | 692.1 |
| -- | 18 |
| 100 ## - MAIN ENTRY--PERSONAL NAME | |
| Personal name | Eaton, Richard B. |
| 240 ## - UNIFORM TITLE | |
| Uniform title | Building construction drawing |
| -- | a class-book for the elementary student and artisan |
| 245 ## - TITLE STATEMENT | |
| Title | Building construction drawing |
| 260 ## - PUBLICATION, DISTRIBUTION, ETC. | |
| Place of publication, distribution, etc. | Shaftesbury |
| Name of publisher, distributor, etc. | Donhead |
| Date of publication, distribution, etc. | 2004 |
| 300 ## - PHYSICAL DESCRIPTION | |
| Extent | xvii, 291p. |
| Other physical details | ill. |
| Dimensions | 28cm. |
| 350 ## - PRICE (NR) (BK AM CF MU VM SE) [OBSOLETE] | |
| Price | 45 |
| 520 ## - SUMMARY, ETC. | |
| Summary, etc. | First published in six parts between 1914 and 1921, this book containing working drawings and specifications has been reprinted to provide a useful reference for architects and other conservation specialists working on traditional buildings. Covers a wide range of details, with particular emphasis on joinery, including windows, doors, staircases, panelling, picture and chair rails, and architraves. Also covers brick and tile floors, chimney heads, yard gates, and an example of a roof for a small house. These will be of particular relevance to the maintenance of buildings constructed between 1900 and 1939. |
| 690 ## - LOCAL SUBJECT ADDED ENTRY--TOPICAL TERM (OCLC, RLIN) | |
| Topical term or geographic name as entry element | BUILT ENVIRONMENT-CONSTRUCTION DESIGN-CONSTRUCTION SPECIFICATION |
| 942 ## - ADDED ENTRY ELEMENTS (KOHA) | |
| Suppress in OPAC | 0 |
| Withdrawn status | Lost status | Source of classification or shelving scheme | Damaged status | Not for loan | Home library | Current library | Shelving location | Date acquired | Cost, normal purchase price | Total Checkouts | Full call number | Barcode | Date last seen | Date last checked out | Copy number | Cost, replacement price | Price effective from | Koha item type |
|---|---|---|---|---|---|---|---|---|---|---|---|---|---|---|---|---|---|---|
| Dewey Decimal Classification | London | London | Folio | 27/05/2005 | 38.25 | 5 | F692.1 EAT | 30070826 | 06/08/2019 | 02/03/2007 | 1 | 38.25 | 06/08/2019 | Book |